De la Formule 2 à la Formule E - Statistiques

Statistiques générales
  • Ce quiz a été pris 15 fois
    5 depuis la dernière actualisation
  • Le résultat moyen est 4 sur 15
Statistiques - réponses
Années F2 Pilote Equipes F2 Années FE % Correct
2017 Norman Nato Arden 2020-
75%
2024-2025 Pepe Marti Campos 2025-
75%
2017-2019 Nyck de Vries Rapax, RE, Prema, ART 2019-
50%
20182020-2021 Dan Ticktum Arden, DAMS, Carlin 2021-
25%
2020-2022 Felipe Drugovich MP, UNI-Virtuosi 2024-
25%
2018 Maximilian Günther Arden 2018-
25%
2017 Oliver Rowland DAMS 2015-20162018-
25%
2023-2024 Paul Aron Trident, Hitech 2023-2024
25%
2017-2019 Sérgio Sette Câmara MP, Carlin, DAMS 2019-2025
25%
2024 Taylor Barnard AIX 2023-
25%
2022-2024 Zane Maloney Trident, Carlin, Rodin 2024-
25%
2021-2022 David Beckmann Charouz, Campos, Van Amersfoort 2022-20232024-2025
0%
2020-2022 Jake Hughes HWA, Van Amersfoort 2022-2025
0%
2020-2023 Jehan Daruvala Carlin, Prema, MP 2023-2024
0%
2017, 2019 Jordan King MP 2023-2024
0%
Aucun quiz correspondant
Distribution des résultats
% des personnes avec chaque résultat
Percentile par nombre de réponses
Votre historique - résultats
Vous n’avez pas pris ce quiz depuis la dernière actualisation